Statistics for Qatar... Oman... or the UAE?

Click here to take the quiz!

General Stats

  • This quiz has been taken 39 times
  • The average score is 8 of 10

Answer Stats

QuestionAnswer% Correct
Its capital is MuscatOman
95%
Hosted the 2022 World CupQatar
95%
Has the most tourists per yearUAE
92%
That only has one borderQatar
89%
That borders YemenOman
86%
Is the smallestQatar
86%
Is the largestOman
84%
Has the highest populationUAE
81%
Is the least forestedQatar
73%
Has the most densely populatedQatar
49%

Score Distribution

Percentile by Number Answered

Percent of People with Each Score

Your Score History

You have not taken this quiz